Properties of delayed feedback and the problem of control in nonlinear difference systems

The goal of this paper is to study the stabilization of chaos in dynamical systems by adding nonlinear feedback. We analyze what happens when two control parameters, the gain and the parameter memory, are considered. It is shown that the introduction of the additional control of the memory parameter...

Teljes leírás

Elmentve itt :
Bibliográfiai részletek
Szerző: Khamitova Anna
Dokumentumtípus: Cikk
Megjelent: Bolyai Institute, University of Szeged Szeged 2016
Sorozat:Acta scientiarum mathematicarum 82 No. 3-4
Kulcsszavak:Trigonometrikus polinomok, dinamikus rendszerek, káosz optimális kontrollálása, Matematika
Tárgyszavak:
doi:10.14232/actasm-014-522-z

Online Access:http://acta.bibl.u-szeged.hu/46321
LEADER 01538nab a2200229 i 4500
001 acta46321
005 20260224093133.0
008 170407s2016 hu o 000 eng d
020 |a 0001-6969 
024 7 |a 10.14232/actasm-014-522-z  |2 doi 
040 |a SZTE Egyetemi Kiadványok Repozitórium  |b hun 
041 |a eng 
100 1 |a Khamitova Anna 
245 1 0 |a Properties of delayed feedback and the problem of control in nonlinear difference systems  |h [elektronikus dokumentum] /  |c  Khamitova Anna 
260 |a Bolyai Institute, University of Szeged  |b Szeged  |c 2016 
300 |a 467-480 
490 0 |a Acta scientiarum mathematicarum  |v 82 No. 3-4 
520 3 |a The goal of this paper is to study the stabilization of chaos in dynamical systems by adding nonlinear feedback. We analyze what happens when two control parameters, the gain and the parameter memory, are considered. It is shown that the introduction of the additional control of the memory parameter does not extend the class of admissible maps. It appears, however, that a stabilizing control may use a variety of time shifts. In this case, one can change the nature of the decay of a chaotic regime, making it smoother, which may be of significance in the management of biological, economical and medical systems. 
650 4 |a Természettudományok 
650 4 |a Matematika 
695 |a Trigonometrikus polinomok, dinamikus rendszerek, káosz optimális kontrollálása, Matematika 
856 4 0 |u http://acta.bibl.u-szeged.hu/46321/1/math_082_numb_003_004_467-480.pdf  |z Dokumentum-elérés